000 00701nam a2200181Ia 4500
003 GCL
008 140319s9999 xx 000 0 ara d
040 _aGCL /
_cGCL
082 0 4 _a372.216
_bف م
100 1 _aفائزة سعدالدين رمضان
245 1 0 _aمسح واقع التربية فى رياض الاطفال الرسمية وتوصيات تحسينها وتطويرها /
_cفائزة سعدالدين رمضان
300 _a195 ص
490 _aالهيئة العامة للاستعلامات
_v0
650 0 4 _aرياض الاطفال
650 0 4 _aتعليم الاطفال
650 0 4 _aمدارس الحضانة - دولة الامارات العربية
942 _2ddc
_cBK
999 _c50921
_d50921